000 00549nam a2200193Ia 4500
005 20250508151637.0
008 008 250505s9999 xx 000 0 eng d
037 _aBooks to be hide in OPAC
040 _aFEDL
_beng
_cFEDL
041 _aeng
_2eng
084 _a759.06, DEG/O
_qFEDL
100 _aDegener H Schmidt
_9592097
245 0 _a20th century Vol. 10
260 _aLondon, UK
_bEnglish Universities Press Limited
_c1955
300 _a51p.
490 _vVol. 10
942 _cHB
_h759.06, DEG/O
999 _c1331100
_d1331100